| 000 | 00874cab a2200265 4500 | ||
|---|---|---|---|
| 001 | WB3331-40 | ||
| 008 | 090401t1997 xxu||||| |||| 00| 0 eng d | ||
| 035 | _a(Sirsi) u80134 | ||
| 041 | _aeng | ||
| 245 | _aNegligence | ||
| 260 | _c1997 | ||
| 350 | _a0 | ||
| 490 |
_aEstates Gazette Case Summaries _v(1997) EGCS 124 (2/8/1997) |
||
| 520 | _a"Clonard Developments Ltd v Humberts" QBD 24 July 1997. P purchased property to develop. Obtained second valuation to satisfy bank. Development made loss. P claimed was negligent. Held judgment for P. | ||
| 650 | _aCLONARD DEVELOPMENTS LTD V HUMBERTS | ||
| 650 | _aFALLING MARKET | ||
| 650 | _aMEASURE OF DAMAGES | ||
| 650 | _aNEGLIGENCE | ||
| 650 | _aPLANNING CONDITIONS | ||
| 650 |
_aValuation _96273 |
||
| 650 | _aVALUERS | ||
| 690 | _aPROFESSIONAL PRACTICE -CASE LAW | ||
| 942 | _n0 | ||
| 948 | _c06/08/1997 | ||
| 999 |
_c50437 _d50437 |
||